|
|
|
|
| LEADER |
00000cam a2200000 a 4500 |
| 001 |
vtls001556297 |
| 003 |
SK-MaSNL |
| 005 |
20260302073950.0 |
| 008 |
171201s2004 xr a f 00100 cze |
| 020 |
|
|
|a 8071697354
|q (brož.)
|
| 035 |
|
|
|a VTK37610
|
| 040 |
|
|
|a SNK
|b slo
|c SNK
|e AACR2
|
| 041 |
0 |
|
|a cze
|
| 044 |
|
|
|a xr
|c CZ
|
| 072 |
|
7 |
|a 73
|x Sochárstvo, keramika, porcelán, umelecké spracovanie kovov
|2 konspekt
|
| 080 |
|
|
|a 739.4
|2 2001
|
| 080 |
|
|
|a 682.62-034
|2 2001
|
| 080 |
|
|
|a (035)
|2 2001
|
| 100 |
1 |
|
|a Zub, Gleb,
|d 1912-
|4 aut
|4 ill
|9 532154
|
| 245 |
1 |
0 |
|a Ozdobné kovové ploty a mříže
|c [autor a ilustrátor] Gleb Zub
|
| 250 |
|
|
|a 1. vyd.
|
| 260 |
|
|
|a Praha
|b Grada
|c 1999
|
| 300 |
|
|
|a 183 s.
|b ilustr.
|c 24 cm
|
| 490 |
1 |
|
|a Stavitel
|
| 500 |
|
|
|a Na rube tit. strany dotisk 2004
|
| 650 |
0 |
7 |
|a kovové mreže
|x dejiny
|2 SNKPH
|9 105384
|
| 650 |
0 |
7 |
|a umelecké kováčstvo
|2 SNKPH
|9 3071
|
| 650 |
0 |
7 |
|a umelecké zámočníctvo
|2 SNKPH
|9 3073
|
| 655 |
|
7 |
|a štúdie
|2 SNKPH
|9 57033
|
| 830 |
|
0 |
|a Stavitel
|9 315405
|
| 918 |
|
|
|a 80-7169-735-4
|
| 999 |
|
|
|c 1163040
|d 1164970
|
| 952 |
|
|
|t snkZUB 739
|a SNKUST
|b SNKUST
|y PREZ
|7 0
|p 17A0510577
|o snkIC 135278
|i snk2007/17504
|8 3
|g 14.47
|0 0
|1 0
|4 0
|d 2007-07-20
|l 0
|r 2025-04-29 00:00:00
|w 2026-02-24
|